Lippincott's Magazine of Popular Literature and Science, Volume 11, No. 23, February, 1873 (Record no. 242891)
[ view plain ]
| 000 -LEADER | |
|---|---|
| fixed length control field | 01813cam a22002413a 4500 |
| 001 - CONTROL NUMBER | |
| control field | 13636 |
| 003 - CONTROL NUMBER IDENTIFIER | |
| control field | PGUSA |
| 005 - DATE AND TIME OF LATEST TRANSACTION | |
| control field | 20140828083307.0 |
| 008 - FIXED-LENGTH DATA ELEMENTS--GENERAL INFORMATION | |
| fixed length control field | 041005s2004||||xxu|||||s|||||000 | eng d |
| 040 ## - CATALOGING SOURCE | |
| Original cataloging agency | PGUSA |
| Language of cataloging | eng |
| 042 ## - AUTHENTICATION CODE | |
| Authentication code | dc |
| 050 #4 - LIBRARY OF CONGRESS CALL NUMBER | |
| Classification number | AP |
| 245 10 - TITLE STATEMENT | |
| Title | Lippincott's Magazine of Popular Literature and Science, Volume 11, No. 23, February, 1873 |
| Medium | [electronic resource] / |
| Statement of responsibility, etc | Various |
| 260 ## - PUBLICATION, DISTRIBUTION, ETC. (IMPRINT) | |
| Name of publisher, distributor, etc | Project Gutenberg, |
| Date of publication, distribution, etc | 2004 |
| 505 0# - FORMATTED CONTENTS NOTE | |
| Formatted contents note | ILLUSTRATIONS -- SEARCHING FOR THE QUININE-PLANT IN PERU. -- Concluding Paper. -- A GLANCE AT THE SITE AND ANTIQUITIES OF ATHENS By J.L.T. PHILLIPS. -- COMMONPLACE By CONSTANCE FENIMORE WOOLSON. -- PROBATIONER LEONHARD; OR, THREE NIGHTS IN THE HAPPY VALLEY By CAROLINE CHESEBRO. -- Chapter IV.—The Test—With Mental Reservations. -- Chapter V.—Sister Benigna. -- Chapter VI.—The Men Of Spenersberg. -- Chapter VII.—The Book. -- CHAPTER VIII.—Conference Meeting. -- CHAPTER IX.—Will The Architect Have Employment? -- COUNTRY-HOUSE LIFE IN ENGLAND By REGINALD WYNFORD. -- THE FOREST OF ARDEN By ITA ANIOL PROKOP. -- JACK, THE REGULAR By THOMAS DUNN ENGLISH. -- OBSERVATIONS AND ADVENTURES IN SUBMARINE DIVING By WILL WALLACE HARNEY. -- CONFIDENTIAL. -- GLIMPSES OF JOHN CHINAMAN By PRENTICE MULFORD. -- A WINTER REVERIE By MILLIE W. CARPENTER. -- "PASSPORTS, GENTLEMEN!" By A.H. -- OUR MONTHLY GOSSIP. -- The Cornwallis Family. -- Novelties In Ethnology. -- The Steam-whistle. -- Siamese News. -- Madison As A Temperance Man. -- LITERATURE OF THE DAY. -- Books Received. |
| 506 ## - RESTRICTIONS ON ACCESS NOTE | |
| Terms governing access | Public domain in the USA. |
| 516 ## - TYPE OF COMPUTER FILE OR DATA NOTE | |
| Type of computer file or data note | Electronic text |
| 653 ## - INDEX TERM--UNCONTROLLED | |
| Uncontrolled term | Science -- Periodicals |
| 653 ## - INDEX TERM--UNCONTROLLED | |
| Uncontrolled term | Literature, Modern -- 19th century -- Periodicals |
| 830 #0 - SERIES ADDED ENTRY--UNIFORM TITLE | |
| Uniform title | Project Gutenberg |
| Volume number/sequential designation | 13636 |
| 856 40 - ELECTRONIC LOCATION AND ACCESS | |
| Uniform Resource Identifier | <a href="http://www.gutenberg.org/ebooks/13636">http://www.gutenberg.org/ebooks/13636</a> |
| 942 ## - ADDED ENTRY ELEMENTS (KOHA) | |
| Koha item type | eBooks |
| Withdrawn status | Lost status | Damaged status | Home library | Current library | Date acquired | Total Checkouts | Date last seen | Price effective from | Koha item type |
|---|---|---|---|---|---|---|---|---|---|
| Project Gutenberg | Project Gutenberg | 08/28/2014 | 08/28/2014 | 08/28/2014 | eBooks |